00883nam a2200193 i 4500020001500000040000800015082002600023245007200049300004500121500034300166650001100509650002000520700001900540700002000559700001900579710003900598710001500637710003700652 a0124605605 cDLC0 a632 JAM 1979 A109 Or.10aLow temperature stress in crop plants :bthe role of the membrane / axiv, 565 pages :billustrations ;c24 cm a"Proceedings of an International Seminar on Low Temperature Stress in Crop Plants held in the East-West Center, Honolulu, Hawaii, March 26-30, 1979, sponsored by the United States National Science Foundation, the Australian Department of Science, the College of Agricultural and Environmental Sciences, University of California at Davis." 0aPlants 0aPlant membranes1 aLyons, James M1 aGraham, Douglas1 aRaison, John K2 aNational Science Foundation (U.S.)1 aAustralia.2 aUniversity of California, Davis.